01383nam a2200241Ia 4500001000600000003000900006008004100015040001300056040001300069041001300082100001900095100002900114245010600143245010600249250001100355260000900366260002500375260004900400300004300449500058400492650003401076650003101110 4826IT-RoPAU130308s9999 xx 000 0 und d aIT-RoPAU cIT-RoPAU aITALIANO aGioia Caterina gCodice Aut. SPICS: 6049 aDonna (La), Figlia di San Paolo, nella pastorale specializzata secondo l'insegnamento di G. Alberione bDonna (La), Figlia di San Paolo, nella Pastorale Specializzata Secondo L'Insegnamento di G. Alberione a1a ed. aROMA bEdizioni Paoline Fsp c1974 [1° Ed.:1974 - Ed.Ling.Originale:1974] a"232 p. (prefazione: no ; testo: 232)" aLinee Direttive per un Apostolato Paolino Giacomo Alberione e suo carisma Attributi dell'Apostolato Pastoralità Paolinità Universalità e Romanita'Femminismo donna nella Società e nella Famiglia Vita Religiosa donna Vergine Apostola Figlia di San Paolo Associata Allo Zelo Sacerdotale Maria Modello della Figlia di San Paolo Formazione Cristiana Religiosa Paolina Formazione Eequilibrata e mezzi Educativi Figlia di San Paolo e Pastorale Specializzata Evangelizzazione in Senso Completo redazione Tecnica propaganda Predicazione Strumentale Stampa Cinema Radio Televisione aAUTORI/OPERE FAMIGLIA PAOLINA eCodice materia Spics: 9903